<?xml version="1.0" encoding="UTF-8"?>
<record
    xmlns:xsi="http://www.w3.org/2001/XMLSchema-instance"
    xsi:schemaLocation="http://www.loc.gov/MARC21/slim http://www.loc.gov/standards/marcxml/schema/MARC21slim.xsd"
    xmlns="http://www.loc.gov/MARC21/slim">

  <leader>01101nam a2200289Ia 4500</leader>
  <controlfield tag="005">20170605150352.0</controlfield>
  <datafield tag="010" ind1=" " ind2=" ">
    <subfield code="a">BAC-EN21    ENG-111867</subfield>
  </datafield>
  <datafield tag="020" ind1=" " ind2=" ">
    <subfield code="a">9788126508105</subfield>
    <subfield code="c">799.00</subfield>
  </datafield>
  <datafield tag="020" ind1=" " ind2=" ">
    <subfield code="a">9788126508105</subfield>
    <subfield code="c">889.00 (AV)</subfield>
  </datafield>
  <datafield tag="035" ind1=" " ind2=" ">
    <subfield code="a">B-586895-910      </subfield>
  </datafield>
  <datafield tag="035" ind1=" " ind2=" ">
    <subfield code="a">EN-95399</subfield>
  </datafield>
  <datafield tag="035" ind1=" " ind2=" ">
    <subfield code="a">B-669686</subfield>
  </datafield>
  <datafield tag="037" ind1=" " ind2=" ">
    <subfield code="b">Asian Book Centre/Ven</subfield>
  </datafield>
  <datafield tag="037" ind1=" " ind2=" ">
    <subfield code="b">DBAD/PUB</subfield>
  </datafield>
  <datafield tag="082" ind1=" " ind2=" ">
    <subfield code="a">530.15</subfield>
  </datafield>
  <datafield tag="100" ind1=" " ind2=" ">
    <subfield code="a">Boas, Mary L.</subfield>
  </datafield>
  <datafield tag="245" ind1=" " ind2=" ">
    <subfield code="a">Mathamatical methods in physical sciences /</subfield>
    <subfield code="c">by Mary L.Boas</subfield>
  </datafield>
  <datafield tag="250" ind1=" " ind2=" ">
    <subfield code="a">3rd ed</subfield>
  </datafield>
  <datafield tag="260" ind1=" " ind2=" ">
    <subfield code="c">2014</subfield>
    <subfield code="a">New Delhi</subfield>
    <subfield code="b">John Wiley </subfield>
  </datafield>
  <datafield tag="270" ind1=" " ind2=" ">
    <subfield code="a">4435/7, Ansari Road, Daryaganj, </subfield>
    <subfield code="b">New Delhi</subfield>
    <subfield code="e">110002</subfield>
  </datafield>
  <datafield tag="300" ind1=" " ind2=" ">
    <subfield code="c">24cm(pbk)</subfield>
    <subfield code="a">xviii,839p. :</subfield>
    <subfield code="b">ill.</subfield>
  </datafield>
  <datafield tag="500" ind1=" " ind2=" ">
    <subfield code="a"> Includes bibliographical references (p. 779-780) and index.</subfield>
  </datafield>
  <datafield tag="650" ind1=" " ind2=" ">
    <subfield code="a">Mathematical physics.</subfield>
  </datafield>
  <datafield tag="942" ind1=" " ind2=" ">
    <subfield code="c">EN</subfield>
    <subfield code="2">ddc</subfield>
    <subfield code="h">530.15</subfield>
    <subfield code="m">BOA</subfield>
  </datafield>
  <datafield tag="999" ind1=" " ind2=" ">
    <subfield code="c">88061</subfield>
    <subfield code="d">88061</subfield>
  </datafield>
  <datafield tag="952" ind1=" " ind2=" ">
    <subfield code="0">0</subfield>
    <subfield code="1">0</subfield>
    <subfield code="4">0</subfield>
    <subfield code="7">0</subfield>
    <subfield code="8">NFIC</subfield>
    <subfield code="a">L</subfield>
    <subfield code="b">L</subfield>
    <subfield code="d">2015-01-16</subfield>
    <subfield code="e">ABC/IN4481/24.12.2014/168/08.12.2014/30.12.2014</subfield>
    <subfield code="g">799.00</subfield>
    <subfield code="l">19</subfield>
    <subfield code="m">13</subfield>
    <subfield code="o">530.15 BOA</subfield>
    <subfield code="p">B-586895</subfield>
    <subfield code="r">2023-07-06 00:00:00</subfield>
    <subfield code="s">2023-06-07</subfield>
    <subfield code="t">1</subfield>
    <subfield code="v">799.00</subfield>
    <subfield code="w">2015-01-16</subfield>
    <subfield code="y">EN</subfield>
  </datafield>
  <datafield tag="952" ind1=" " ind2=" ">
    <subfield code="0">0</subfield>
    <subfield code="1">0</subfield>
    <subfield code="4">0</subfield>
    <subfield code="7">1</subfield>
    <subfield code="8">REF</subfield>
    <subfield code="a">L</subfield>
    <subfield code="b">L</subfield>
    <subfield code="d">2015-01-16</subfield>
    <subfield code="e">ABC/IN4481/24.12.2014/168/08.12.2014/30.12.2014</subfield>
    <subfield code="g">799.00</subfield>
    <subfield code="l">0</subfield>
    <subfield code="o">530.15 BOA</subfield>
    <subfield code="p">B-586896</subfield>
    <subfield code="r">2015-01-16 00:00:00</subfield>
    <subfield code="t">1</subfield>
    <subfield code="v">799.00</subfield>
    <subfield code="y">EN</subfield>
  </datafield>
  <datafield tag="952" ind1=" " ind2=" ">
    <subfield code="0">0</subfield>
    <subfield code="1">0</subfield>
    <subfield code="4">0</subfield>
    <subfield code="7">0</subfield>
    <subfield code="8">NFIC</subfield>
    <subfield code="a">NPL</subfield>
    <subfield code="b">NPL</subfield>
    <subfield code="d">2015-01-16</subfield>
    <subfield code="e">ABC/IN4481/24.12.2014/168/08.12.2014/30.12.2014</subfield>
    <subfield code="g">799.00</subfield>
    <subfield code="l">0</subfield>
    <subfield code="o">530.15 BOA</subfield>
    <subfield code="p">B-586897</subfield>
    <subfield code="r">2015-01-16 00:00:00</subfield>
    <subfield code="t">1</subfield>
    <subfield code="v">799.00</subfield>
    <subfield code="y">EN</subfield>
  </datafield>
  <datafield tag="952" ind1=" " ind2=" ">
    <subfield code="0">0</subfield>
    <subfield code="1">0</subfield>
    <subfield code="4">0</subfield>
    <subfield code="7">0</subfield>
    <subfield code="8">NFIC</subfield>
    <subfield code="a">BL1</subfield>
    <subfield code="b">BL1</subfield>
    <subfield code="d">2015-01-16</subfield>
    <subfield code="e">ABC/IN4481/24.12.2014/168/08.12.2014/30.12.2014</subfield>
    <subfield code="g">799.00</subfield>
    <subfield code="l">1</subfield>
    <subfield code="o">530.15 BOA</subfield>
    <subfield code="p">B-586898</subfield>
    <subfield code="r">2025-04-15 00:00:00</subfield>
    <subfield code="s">2025-04-03</subfield>
    <subfield code="t">1</subfield>
    <subfield code="v">799.00</subfield>
    <subfield code="y">EN</subfield>
  </datafield>
  <datafield tag="952" ind1=" " ind2=" ">
    <subfield code="0">0</subfield>
    <subfield code="1">0</subfield>
    <subfield code="4">0</subfield>
    <subfield code="7">0</subfield>
    <subfield code="8">NFIC</subfield>
    <subfield code="a">KGM</subfield>
    <subfield code="b">KGM</subfield>
    <subfield code="d">2015-01-16</subfield>
    <subfield code="e">ABC/IN4481/24.12.2014/168/08.12.2014/30.12.2014</subfield>
    <subfield code="g">799.00</subfield>
    <subfield code="l">1</subfield>
    <subfield code="m">1</subfield>
    <subfield code="o">530.15 BOA</subfield>
    <subfield code="p">B-586899</subfield>
    <subfield code="r">2020-02-28 00:00:00</subfield>
    <subfield code="s">2020-02-01</subfield>
    <subfield code="t">1</subfield>
    <subfield code="v">799.00</subfield>
    <subfield code="y">EN</subfield>
  </datafield>
  <datafield tag="952" ind1=" " ind2=" ">
    <subfield code="0">0</subfield>
    <subfield code="1">0</subfield>
    <subfield code="4">0</subfield>
    <subfield code="7">0</subfield>
    <subfield code="8">NFIC</subfield>
    <subfield code="a">PR</subfield>
    <subfield code="b">PR</subfield>
    <subfield code="d">2015-01-16</subfield>
    <subfield code="e">ABC/IN4481/24.12.2014/168/08.12.2014/30.12.2014</subfield>
    <subfield code="g">799.00</subfield>
    <subfield code="l">0</subfield>
    <subfield code="o">530.15 BOA</subfield>
    <subfield code="p">B-586900</subfield>
    <subfield code="r">2015-01-16 00:00:00</subfield>
    <subfield code="t">1</subfield>
    <subfield code="v">799.00</subfield>
    <subfield code="y">EN</subfield>
  </datafield>
  <datafield tag="952" ind1=" " ind2=" ">
    <subfield code="0">0</subfield>
    <subfield code="1">0</subfield>
    <subfield code="4">0</subfield>
    <subfield code="7">0</subfield>
    <subfield code="8">NFIC</subfield>
    <subfield code="a">TN</subfield>
    <subfield code="b">TN</subfield>
    <subfield code="d">2015-01-16</subfield>
    <subfield code="e">ABC/IN4481/24.12.2014/168/08.12.2014/30.12.2014</subfield>
    <subfield code="g">799.00</subfield>
    <subfield code="l">0</subfield>
    <subfield code="o">530.15 BOA</subfield>
    <subfield code="p">B-586901</subfield>
    <subfield code="r">2015-01-16 00:00:00</subfield>
    <subfield code="t">1</subfield>
    <subfield code="v">799.00</subfield>
    <subfield code="y">EN</subfield>
  </datafield>
  <datafield tag="952" ind1=" " ind2=" ">
    <subfield code="0">0</subfield>
    <subfield code="1">0</subfield>
    <subfield code="4">0</subfield>
    <subfield code="7">0</subfield>
    <subfield code="8">NFIC</subfield>
    <subfield code="a">CJ</subfield>
    <subfield code="b">CJ</subfield>
    <subfield code="d">2015-01-16</subfield>
    <subfield code="e">ABC/IN4481/24.12.2014/168/08.12.2014/30.12.2014</subfield>
    <subfield code="g">799.00</subfield>
    <subfield code="l">0</subfield>
    <subfield code="o">530.15 BOA</subfield>
    <subfield code="p">B-586902</subfield>
    <subfield code="r">2015-01-16 00:00:00</subfield>
    <subfield code="t">1</subfield>
    <subfield code="v">799.00</subfield>
    <subfield code="y">EN</subfield>
  </datafield>
  <datafield tag="952" ind1=" " ind2=" ">
    <subfield code="0">0</subfield>
    <subfield code="1">0</subfield>
    <subfield code="4">0</subfield>
    <subfield code="7">0</subfield>
    <subfield code="8">NFIC</subfield>
    <subfield code="a">DIZ</subfield>
    <subfield code="b">DIZ</subfield>
    <subfield code="d">2015-01-16</subfield>
    <subfield code="e">ABC/IN4481/24.12.2014/168/08.12.2014/30.12.2014</subfield>
    <subfield code="g">799.00</subfield>
    <subfield code="l">0</subfield>
    <subfield code="o">530.15 BOA</subfield>
    <subfield code="p">B-586903</subfield>
    <subfield code="r">2015-01-16 00:00:00</subfield>
    <subfield code="t">1</subfield>
    <subfield code="v">799.00</subfield>
    <subfield code="y">EN</subfield>
  </datafield>
  <datafield tag="952" ind1=" " ind2=" ">
    <subfield code="0">0</subfield>
    <subfield code="1">0</subfield>
    <subfield code="4">0</subfield>
    <subfield code="7">0</subfield>
    <subfield code="8">NFIC</subfield>
    <subfield code="a">JP</subfield>
    <subfield code="b">JP</subfield>
    <subfield code="d">2015-01-16</subfield>
    <subfield code="e">ABC/IN4481/24.12.2014/168/08.12.2014/30.12.2014</subfield>
    <subfield code="g">799.00</subfield>
    <subfield code="l">11</subfield>
    <subfield code="m">1</subfield>
    <subfield code="o">530.15 BOA</subfield>
    <subfield code="p">B-586904</subfield>
    <subfield code="r">2019-11-30 00:00:00</subfield>
    <subfield code="s">2019-10-30</subfield>
    <subfield code="t">1</subfield>
    <subfield code="v">799.00</subfield>
    <subfield code="y">EN</subfield>
  </datafield>
  <datafield tag="952" ind1=" " ind2=" ">
    <subfield code="0">0</subfield>
    <subfield code="1">0</subfield>
    <subfield code="4">0</subfield>
    <subfield code="7">0</subfield>
    <subfield code="8">NFIC</subfield>
    <subfield code="a">ZLS</subfield>
    <subfield code="b">ZLS</subfield>
    <subfield code="d">2015-01-16</subfield>
    <subfield code="e">ABC/IN4481/24.12.2014/168/08.12.2014/30.12.2014</subfield>
    <subfield code="g">799.00</subfield>
    <subfield code="l">4</subfield>
    <subfield code="m">5</subfield>
    <subfield code="o">530.15 BOA</subfield>
    <subfield code="p">B-586905</subfield>
    <subfield code="r">2022-11-14 00:00:00</subfield>
    <subfield code="s">2022-10-06</subfield>
    <subfield code="t">1</subfield>
    <subfield code="v">799.00</subfield>
    <subfield code="y">EN</subfield>
  </datafield>
  <datafield tag="952" ind1=" " ind2=" ">
    <subfield code="0">0</subfield>
    <subfield code="1">0</subfield>
    <subfield code="4">0</subfield>
    <subfield code="7">0</subfield>
    <subfield code="8">NFIC</subfield>
    <subfield code="a">RKP</subfield>
    <subfield code="b">RKP</subfield>
    <subfield code="d">2015-01-16</subfield>
    <subfield code="e">ABC/IN4481/24.12.2014/168/08.12.2014/30.12.2014</subfield>
    <subfield code="g">799.00</subfield>
    <subfield code="l">2</subfield>
    <subfield code="m">4</subfield>
    <subfield code="o">530.15 BOA</subfield>
    <subfield code="p">B-586906</subfield>
    <subfield code="r">2019-12-10 00:00:00</subfield>
    <subfield code="s">2019-10-28</subfield>
    <subfield code="t">1</subfield>
    <subfield code="v">799.00</subfield>
    <subfield code="y">EN</subfield>
  </datafield>
  <datafield tag="952" ind1=" " ind2=" ">
    <subfield code="0">0</subfield>
    <subfield code="1">0</subfield>
    <subfield code="4">0</subfield>
    <subfield code="7">0</subfield>
    <subfield code="8">NFIC</subfield>
    <subfield code="a">BN</subfield>
    <subfield code="b">BN</subfield>
    <subfield code="d">2015-01-16</subfield>
    <subfield code="e">ABC/IN4481/24.12.2014/168/08.12.2014/30.12.2014</subfield>
    <subfield code="g">799.00</subfield>
    <subfield code="l">1</subfield>
    <subfield code="o">530.15 BOA</subfield>
    <subfield code="p">B-586907</subfield>
    <subfield code="r">2022-02-17 00:00:00</subfield>
    <subfield code="s">2022-02-02</subfield>
    <subfield code="t">1</subfield>
    <subfield code="v">799.00</subfield>
    <subfield code="y">EN</subfield>
  </datafield>
  <datafield tag="952" ind1=" " ind2=" ">
    <subfield code="0">0</subfield>
    <subfield code="1">0</subfield>
    <subfield code="4">0</subfield>
    <subfield code="7">0</subfield>
    <subfield code="8">NFIC</subfield>
    <subfield code="a">NR</subfield>
    <subfield code="b">NR</subfield>
    <subfield code="d">2015-01-16</subfield>
    <subfield code="e">ABC/IN4481/24.12.2014/168/08.12.2014/30.12.2014</subfield>
    <subfield code="g">799.00</subfield>
    <subfield code="l">0</subfield>
    <subfield code="o">530.15 BOA</subfield>
    <subfield code="p">B-586908</subfield>
    <subfield code="r">2015-01-16 00:00:00</subfield>
    <subfield code="t">1</subfield>
    <subfield code="v">799.00</subfield>
    <subfield code="y">EN</subfield>
  </datafield>
  <datafield tag="952" ind1=" " ind2=" ">
    <subfield code="0">0</subfield>
    <subfield code="1">0</subfield>
    <subfield code="4">0</subfield>
    <subfield code="7">0</subfield>
    <subfield code="8">NFIC</subfield>
    <subfield code="a">BN</subfield>
    <subfield code="b">BN</subfield>
    <subfield code="d">2015-01-16</subfield>
    <subfield code="e">ABC/IN4481/24.12.2014/168/08.12.2014/30.12.2014</subfield>
    <subfield code="g">799.00</subfield>
    <subfield code="l">1</subfield>
    <subfield code="o">530.15 BOA</subfield>
    <subfield code="p">B-586909</subfield>
    <subfield code="r">2019-03-23 00:00:00</subfield>
    <subfield code="s">2019-03-22</subfield>
    <subfield code="t">1</subfield>
    <subfield code="v">799.00</subfield>
    <subfield code="y">EN</subfield>
  </datafield>
  <datafield tag="952" ind1=" " ind2=" ">
    <subfield code="0">0</subfield>
    <subfield code="1">0</subfield>
    <subfield code="4">0</subfield>
    <subfield code="7">0</subfield>
    <subfield code="8">NFIC</subfield>
    <subfield code="a">BL4</subfield>
    <subfield code="b">BL4</subfield>
    <subfield code="d">2015-01-16</subfield>
    <subfield code="e">ABC/IN4481/24.12.2014/168/08.12.2014/30.12.2014</subfield>
    <subfield code="g">799.00</subfield>
    <subfield code="l">5</subfield>
    <subfield code="o">530.15 BOA</subfield>
    <subfield code="p">B-586910</subfield>
    <subfield code="r">2021-11-02 00:00:00</subfield>
    <subfield code="s">2021-10-21</subfield>
    <subfield code="t">1</subfield>
    <subfield code="v">799.00</subfield>
    <subfield code="y">EN</subfield>
  </datafield>
  <datafield tag="952" ind1=" " ind2=" ">
    <subfield code="0">0</subfield>
    <subfield code="1">0</subfield>
    <subfield code="4">0</subfield>
    <subfield code="7">1</subfield>
    <subfield code="8">NFIC</subfield>
    <subfield code="a">DBAD</subfield>
    <subfield code="b">DBAD</subfield>
    <subfield code="d">2015-01-28</subfield>
    <subfield code="e">DBAD/PUB</subfield>
    <subfield code="g">799.00</subfield>
    <subfield code="l">0</subfield>
    <subfield code="o">530.15 BOA</subfield>
    <subfield code="p">EN-95399</subfield>
    <subfield code="r">2015-01-28 00:00:00</subfield>
    <subfield code="t">1</subfield>
    <subfield code="v">799.00</subfield>
    <subfield code="y">EN</subfield>
  </datafield>
  <datafield tag="952" ind1=" " ind2=" ">
    <subfield code="0">0</subfield>
    <subfield code="1">3</subfield>
    <subfield code="4">0</subfield>
    <subfield code="7">0</subfield>
    <subfield code="8">NFIC</subfield>
    <subfield code="a">AV</subfield>
    <subfield code="b">AV</subfield>
    <subfield code="d">2017-06-05</subfield>
    <subfield code="e">BPPD/EN/2014-15/AV/16-17/413/15.2.2017/5057/28.2.2017/ 24.3.2017</subfield>
    <subfield code="g">889.00</subfield>
    <subfield code="l">1</subfield>
    <subfield code="o">530.15 BOA</subfield>
    <subfield code="p">B-669686</subfield>
    <subfield code="r">2019-02-22 00:00:00</subfield>
    <subfield code="s">2019-02-22</subfield>
    <subfield code="t">1</subfield>
    <subfield code="v">889.00</subfield>
    <subfield code="w">2017-06-05</subfield>
    <subfield code="y">EN</subfield>
  </datafield>
</record>
